[Event "Nebug Rating op"]
[Site "Nebug"]
[Date "2013.03.28"]
[Round "7"]
[White "Sizintsev, Alexey"]
[Black "Zlydneva, Daria"]
[Result "1-0"]
[WhiteElo "1818"]
[BlackElo "1716"]
[PlyCount "57"]
[EventDate "2013.03.22"]
[EventType "swiss"]
[EventRounds "9"]
[EventCountry "RUS"]
[SourceTitle "EXT 2015"]
[Source "ChessBase"]
[SourceDate "2014.11.20"]
[SourceVersion "1"]
[SourceVersionDate "2014.11.20"]
[SourceQuality "1"]

1. e4 c5 2. c3 Nf6 3. e5 Nd5 4. Nf3 Nc6 5. d4 cxd4 6. cxd4 d6 7. Bc4 Nb6 8. Bb5 dxe5 9. Nxe5 Bd7 10. Bxc6 Bxc6 11. Nxc6 bxc6 12. 0-0 e6 13. Bf4 Bd6 14. Be5 Bxe5 15. dxe5 Qxd1 16. Rxd1 Nc4 17. f4 Nxb2 18. Rd6 c5 19. Nd2 0-0 20. Rc1 Rfc8 21. Ne4 c4 22. Rd7 Nd3 23. Rc3 Nxf4 24. Rf3 Ng6 25. Rfxf7 Nxe5 26. Rxg7+ Kf8 27. Rde7 c3 28. Ng5 Nf7 29. Rexf7+ 1-0

[Event "Nebug Rating op"]
[Site "Nebug"]
[Date "2013.03.24"]
[Round "3"]
[White "Sizintsev, Alexey"]
[Black "Frolov, Lev"]
[Result "1-0"]
[WhiteElo "1818"]
[BlackElo "1945"]
[PlyCount "81"]
[EventDate "2013.03.22"]
[EventType "swiss"]
[EventRounds "9"]
[EventCountry "RUS"]
[SourceTitle "EXT 2015"]
[Source "ChessBase"]
[SourceDate "2014.11.20"]
[SourceVersion "1"]
[SourceVersionDate "2014.11.20"]
[SourceQuality "1"]

1. e4 c5 2. c3 d6 3. Nf3 g6 4. d4 cxd4 5. cxd4 Bg7 6. Nc3 Nf6 7. Bc4 0-0 8. Bb3 a6 9. 0-0 Nbd7 10. Bf4 b5 11. Re1 Bb7 12. a3 Rc8 13. Rc1 Nh5 14. Bg5 h6 15. Be3 Nhf6 16. Nd2 e6 17. Qf3 Nh7 18. Qg3 Qe7 19. f4 Nhf6 20. f5 Kh7 21. Qh3 Rfe8 22. g4 h5 23. g5 Ng4 24. f6 Ndxf6 25. gxf6 Bxf6 26. Nf3 Nxe3 27. Rxe3 a5 28. Rf1 b4 29. axb4 axb4 30. Ne2 Bg7 31. Qg3 Bh6 32. Rd3 Bxe4 33. Rdd1 Bc2 34. Bxc2 Rxc2 35. Nf4 b3 36. Nh3 f6 37. Rde1 Rxb2 38. Nh4 Qf7 39. Qxd6 g5 40. Nf3 g4 41. Nfg5+ 1-0